[Event "ESP-ch Seniors 10th"]
[Site "Mondariz"]
[Date "2012.10.13"]
[Round "4"]
[White "Iglesias Vidal, Luis"]
[Black "Gutierrez Leon, Cristobal"]
[Result "0-1"]
[WhiteElo "1685"]
[BlackElo "1947"]
[PlyCount "102"]
[EventDate "2012.10.10"]
[EventType "swiss"]
[EventRounds "9"]
[EventCountry "ESP"]
[SourceTitle "EXT 2013"]
[Source "ChessBase"]
[SourceDate "2012.11.22"]
[SourceVersion "1"]
[SourceVersionDate "2012.11.22"]
[SourceQuality "1"]

1. Nf3 Nf6 2. c4 d6 3. d4 g6 4. Nc3 Bg7 5. e4 0-0 6. Be2 c6 7. 0-0 Qc7 8. Bf4 Nh5 9. Be3 a6 10. Rc1 Nd7 11. Qd2 Re8 12. h3 Nhf6 13. Qc2 e5 14. d5 c5 15. a3 Nf8 16. Ne1 Qe7 17. Qd2 h5 18. Bd3 N6h7 19. Nf3 f5 20. Bg5 Nxg5 21. Qxg5 Qxg5 22. Nxg5 Bh6 23. h4 Bxg5 24. hxg5 f4 25. b4 cxb4 26. axb4 Nh7 27. c5 dxc5 28. bxc5 Nxg5 29. d6 Be6 30. f3 Red8 31. Na4 Nf7 32. Nb6 Rab8 33. Bc4 Bxc4 34. Rxc4 Kg7 35. Rd1 g5 36. d7 Kf8 37. c6 bxc6 38. Rxc6 Rb7 39. Re6 g4 40. fxg4 hxg4 41. Kf2 g3+ 42. Ke2 a5 43. Rc1 a4 44. Rc8 Rb8 45. Nxa4 Rbxc8 46. dxc8Q Rxc8 47. Ra6 Rc2+ 48. Kf1 Ng5 49. Ra5 f3 50. gxf3 g2+ 51. Kg1 Nxf3# 0-1

[Event "ESP-ch Seniors 10th"]
[Site "Mondariz"]
[Date "2012.10.12"]
[Round "3"]
[White "Gutierrez Leon, Cristobal"]
[Black "Ciuro Munoz, Ricardo"]
[Result "0-1"]
[WhiteElo "1947"]
[BlackElo "2087"]
[PlyCount "82"]
[EventDate "2012.10.10"]
[EventType "swiss"]
[EventRounds "9"]
[EventCountry "ESP"]
[SourceTitle "EXT 2013"]
[Source "ChessBase"]
[SourceDate "2012.11.22"]
[SourceVersion "1"]
[SourceVersionDate "2012.11.22"]
[SourceQuality "1"]

1. Nf3 Nf6 2. g3 g6 3. Bg2 Bg7 4. 0-0 0-0 5. c4 d5 6. cxd5 Nxd5 7. Nc3 Nb6 8. a4 a5 9. d3 Nc6 10. Bf4 e5 11. Bg5 f6 12. Bd2 Be6 13. Qc1 Bg4 14. Nb5 Rc8 15. Qc5 Be6 16. Rfc1 Rf7 17. Qc2 Nd5 18. Bc3 Ncb4 19. Qd2 Rd7 20. Ne1 Nxc3 21. bxc3 Nc6 22. Bxc6 bxc6 23. Na7 Ra8 24. Nxc6 Qf8 25. Qb2 Bd5 26. Qb5 Qd6 27. Nxa5 c6 28. Qb6 Rb8 29. Qe3 Qf8 30. Rcb1 Re8 31. c4 Bf7 32. Nxc6 f5 33. Qb6 e4 34. Ra2 exd3 35. exd3 Qd6 36. a5 Bc3 37. Ng2 Qxd3 38. a6 Bxc4 39. Raa1 Bxa1 40. Rxa1 Qc3 41. Rb1 Bd5 0-1

[Event "Extremadura-ch"]
[Site "Merida"]
[Date "2011.09.10"]
[Round "5"]
[White "Gutierrez Leon, Cristobal"]
[Black "Garcia Romero, Benjamin Abel"]
[Result "1-0"]
[WhiteElo "1909"]
[BlackElo "2207"]
[PlyCount "98"]
[EventDate "2011.09.03"]
[EventType "swiss"]
[EventRounds "6"]
[EventCountry "ESP"]
[SourceTitle "EXT 2014"]
[Source "ChessBase"]
[SourceDate "2013.11.20"]
[SourceVersion "1"]
[SourceVersionDate "2013.11.20"]
[SourceQuality "1"]

1. Nf3 Nf6 2. b3 d6 3. d4 g6 4. Nbd2 d5 5. e3 Bg7 6. Be2 0-0 7. Bb2 b6 8. 0-0 a5 9. a4 Bb7 10. Re1 Qd6 11. c4 Na6 12. c5 Qe6 13. Ne5 bxc5 14. dxc5 Nb4 15. Nd3 Nxd3 16. Bxd3 Ba6 17. Nf3 Bxd3 18. Qxd3 c6 19. Be5 Rfd8 20. h3 Qd7 21. Rab1 Ne4 22. Bxg7 Kxg7 23. b4 axb4 24. Rxb4 Qc7 25. Reb1 Ra7 26. Qc2 e5 27. Nd2 Nf6 28. f4 exf4 29. Rxf4 Qe5 30. Rb3 d4 31. Nf3 d3 32. Rxd3 Qa1+ 33. Kh2 Rxd3 34. Qxd3 Rxa4 35. Rxa4 Qxa4 36. Qd4 Qb3 37. Ne5 Qe6 38. Qd6 Ne4 39. Qd4 f6 40. Qxe4 fxe5 41. Kg3 Kf7 42. Qb4 h5 43. Kf3 Kf6 44. Qh4+ Kf7 45. Qb4 Ke7 46. Qh4+ Kf7 47. Qb4 Qd5+ 48. e4 Qd3+ 49. Kf2 Ke6 1-0

[Event "Barcelona Sants op-B 11th"]
[Site "Barcelona"]
[Date "2009.07.16"]
[Round "4"]
[White "Gutierrez Leon, Cristobal"]
[Black "Asensio Graells, Ricard"]
[Result "1-0"]
[WhiteElo "1943"]
[BlackElo "1481"]
[PlyCount "103"]
[EventDate "2009.07.13"]
[EventType "swiss"]
[EventRounds "9"]
[EventCountry "ESP"]
[SourceTitle "EXT 2011"]
[Source "ChessBase"]
[SourceDate "2010.11.26"]
[SourceVersion "1"]
[SourceVersionDate "2010.11.26"]
[SourceQuality "1"]

1. Nf3 d5 2. b3 Nc6 3. Bb2 Bf5 4. e3 a6 5. Be2 e6 6. 0-0 h6 7. d4 Nf6 8. a3 Ne4 9. Nbd2 Ng5 10. Bd3 Bg4 11. Be2 Qd6 12. c4 Qd7 13. Ne5 Nxe5 14. Bxg4 Nxg4 15. Qxg4 f6 16. h4 h5 17. Qe2 Ne4 18. Nxe4 dxe4 19. f3 Qc6 20. fxe4 Qxe4 21. Rf4 Qg6 22. e4 0-0-0 23. b4 Qe8 24. e5 f5 25. Rd1 g6 26. d5 Bh6 27. Rfd4 Bf8 28. Qd3 Bg7 29. dxe6 Rxd4 30. Qxd4 Qxe6 31. Qa7 Qb6+ 32. Qxb6 cxb6 33. Kf2 Rd8 34. Rd5 b5 35. Rxd8+ Kxd8 36. cxb5 axb5 37. Ke3 Ke7 38. Kd4 b6 39. Kd5 Bh8 40. Bd4 Bg7 41. Bxb6 Bh6 42. Bc5+ Ke8 43. Kc6 Bc1 44. e6 Bxa3 45. Kxb5 Bb2 46. Kc6 Bf6 47. g3 g5 48. hxg5 Bxg5 49. b5 f4 50. gxf4 Bxf4 51. b6 h4 52. Bd6 1-0

[Event "Santpedor op 5th"]
[Site "Santpedor"]
[Date "2001.??.??"]
[Round "5"]
[White "Gutierrez Leon, Cristobal"]
[Black "Basas Gamazo, Josep"]
[Result "1/2-1/2"]
[WhiteElo "2000"]
[BlackElo "2120"]
[PlyCount "51"]
[EventDate "2001.09.14"]
[EventType "swiss"]
[EventRounds "7"]
[EventCountry "ESP"]
[SourceTitle "EXT 2003"]
[Source "ChessBase"]
[SourceDate "2002.11.25"]
[SourceVersion "1"]
[SourceVersionDate "2002.11.25"]
[SourceQuality "1"]

1. Nf3 Nf6 2. b3 g6 3. e3 Bg7 4. Bb2 0-0 5. Be2 d6 6. 0-0 e5 7. d3 Nc6 8. c4 Bf5 9. Nc3 a6 10. a3 Rb8 11. b4 e4 12. Ne1 exd3 13. Bxd3 Be6 14. Nf3 Ng4 15. Rb1 Nce5 16. Nxe5 Nxe5 17. Qe2 Qh4 18. f4 Ng4 19. h3 Nh6 20. Qf2 Qxf2+ 21. Kxf2 Nf5 22. Nd5 Bxb2 23. Rxb2 c6 24. Nb6 Rbd8 25. Rd1 Ne7 26. Rbd2 1/2-1/2

[Event "La Pobla de Lillet op"]
[Site "La Pobla de Lillet"]
[Date "2000.??.??"]
[Round "2"]
[White "Gutierrez Leon, Cristobal"]
[Black "Komljenovic, Davorin"]
[Result "0-1"]
[WhiteElo "2003"]
[BlackElo "2514"]
[PlyCount "114"]
[EventDate "2000.08.??"]
[EventType "swiss"]
[EventRounds "9"]
[EventCountry "ESP"]
[SourceTitle "EXT 2001"]
[Source "ChessBase"]
[SourceDate "2000.11.22"]
[SourceVersion "1"]
[SourceVersionDate "2000.11.22"]
[SourceQuality "1"]

1. Nf3 d5 2. b3 Nf6 3. Bb2 g6 4. e3 Bg7 5. Be2 0-0 6. 0-0 c5 7. d3 Nc6 8. Nbd2 d4 9. e4 Ne8 10. a4 Rb8 11. Nc4 b6 12. Bc1 e5 13. Ne1 Nd6 14. Nxd6 Qxd6 15. f4 exf4 16. Bxf4 Be5 17. Qd2 f5 18. Bxe5 Nxe5 19. Qf4 fxe4 20. Qxf8+ Qxf8 21. Rxf8+ Kxf8 22. dxe4 Bb7 23. Nd3 Nf7 24. Bf3 Re8 25. Re1 Ng5 26. Nf2 Re7 27. h4 Nf7 28. Nd3 Nd6 29. Nf2 Ke8 30. g4 Nf7 31. Kh2 Ne5 32. Be2 Kd7 33. Kg3 Kd6 34. g5 a6 35. Bf1 Rf7 36. Bg2 Bc8 37. Rd1 Be6 38. Rd2 Kc6 39. Nd3 Nxd3 40. Rxd3 Kd6 41. Rf3 c4 42. Rxf7 Bxf7 43. bxc4 Bxc4 44. Kf4 a5 45. e5+ Kc5 46. Bh3 b5 47. axb5 Bxb5 48. Be6 a4 49. Ba2 Bc6 50. e6 Kd6 51. e7 a3 52. Bb3 Kxe7 53. Ke5 Ba4 54. Ba2 Bxc2 55. Kxd4 Bf5 56. Ke5 Bd7 57. Bg8 Be8 0-1